00314nam a2200121Ia 4500008004100000041000800041082001800049100001800067245002600085250000800111260006500119300000800184231228s1999 xx 000 0 und d aeng a658.1511bLAL aLAL (Jawahar) aManagerial Accounting a2nd aNew DelhibHimalaya Publishing House Mumbai, New Delhic1999 a870